Bratto : racconti /
Bewaard in:
| Hoofdauteur: | |
|---|---|
| Andere auteurs: | , |
| Formaat: | Boek |
| Taal: | Italiaans |
| Gepubliceerd in: |
Roma :
Daga,
[1992]
|
| Tags: |
Geen labels, Wees de eerste die dit record labelt!
|
MARC
| LEADER | 00000nam a22000007i 4500 | ||
|---|---|---|---|
| 001 | IT\ICCU\UBO\3194358 | ||
| 003 | ItRI | ||
| 005 | 20260115232302.0 | ||
| 008 | 070427s1992 it |||||| ||||| |||||c | ||
| 040 | |b ita |c importazione bologna sebina | ||
| 041 | 7 | |a ita |2 ISO-639-2 | |
| 100 | 1 | |a Mastrangelo, Giovanni, |d (1952- ) |0 IT\ICCU\LO1V\136432 |4 aut | |
| 245 | 1 | 0 | |a Bratto : |b racconti / |c Giovanni Mastrangelo ; illustrazioni di Copi ; prefazione di Giovanni Gandini. |
| 260 | |a Roma : |b Daga, |c [1992] | ||
| 300 | |a 95 p. : |b ill. ; |c 21 cm. | ||
| 700 | 1 | |a Gandini, Giovanni, |d (1929-2006) |0 IT\ICCU\CFIV\069187 | |
| 700 | 0 | |a Copi |0 IT\ICCU\CFIV\080182 | |
| 790 | 1 | |a Damonte Taborda, Raùl, |d (1939-1987) |3 IT\ICCU\CFIV\080183 |z Copi | |
| 790 | 1 | |a Damonte, Raùl |3 IT\ICCU\MILV\249634 |z Copi | |
| 790 | 1 | |a Damonte Botana, Raùl Natalio Roque |3 IT\ICCU\SBNV\014951 |z Copi | |
| 942 | |2 ddc |c BK |n 0 | ||
| 952 | |0 0 |1 0 |4 0 |6 DOC_853_914000000000000_MAS |7 0 |9 23564 |a BO |b BO |d 2026-01-15 |i 4780 |l 0 |o DOC 853.914 MAS |p BO4780 |r 2026-01-15 23:23:02 |w 2026-01-15 |x [Sebina 5] [1 v.] |y BK |z 1 v. | ||
| 999 | |c 20072 |d 20072 | ||